[Event "Thessaloniki-Chalkidiki-chT B local"]
[Site "Thessaloniki"]
[Date "2019.02.24"]
[Round "6.2"]
[White "Avgitidis, Isaak"]
[Black "Cook, Michael Antony"]
[Result "1/2-1/2"]
[WhiteElo "1682"]
[BlackElo "1926"]
[PlyCount "58"]
[EventDate "2019.01.13"]
[EventType "team-swiss"]
[EventRounds "9"]
[EventCountry "GRE"]
[SourceTitle "EXT 2020"]
[Source "ChessBase"]
[SourceDate "2019.10.17"]
[SourceVersion "1"]
[SourceVersionDate "2019.10.17"]
[SourceQuality "1"]

1. e4 e5 2. f4 Bc5 3. Nf3 d6 4. Bc4 Nf6 5. d4 exd4 6. 0-0 0-0 7. Bd3 d5 8. exd5 Qxd5 9. Kh1 Nc6 10. c4 dxc3 11. Nxc3 Qh5 12. Ne2 Bg4 13. Ng3 Qd5 14. h3 Bxf3 15. Rxf3 Rad8 16. Qf1 Rfe8 17. b3 Bd4 18. Ba3 Bxa1 19. Qxa1 Qa5 20. b4 Nxb4 21. Qc3 Nc6 22. Qb2 Re1+ 23. Kh2 Qb6 24. Nf5 Nh5 25. Qxg7+ Nxg7 26. Nh6+ Kh8 27. Nxf7+ Kg8 28. Nh6+ Kh8 29. Nf7+ Kg8 1/2-1/2